000 00504nam a2200181 4500
001 11313
005 20230410120818.0
008 060907n2000 dr spa
020 _a9688567744
035 _9funglode11401
041 _aES
050 1 4 _aHX 249 J43t 2000
100 _aJeannot, Fernando
245 1 _aTercera vía :
_bla nueva economía mixta que impone el pragmatismo /
_cFernando Jeannot
260 _aMéxico :
_bPlaza y Valdés,
_c2000
300 _a235 p.
942 _2lcc
_cbk
999 _c52352
_d52352